000 01020nam a22002537a 4500
999 _c6755
_d6755
003 AR-CdUCM
008 190319b ||||| |||| 00| 0 spa d
040 _aMUNICIPALIDAD PROVINCIAL DEL CUSCO
_cBIBLIOTECA MUNICIPAL DEL CUSCO
041 _heng
082 _a534 /
_bB64
100 _aBlitz, Jack
_919012
245 _aFundamentos de los ultrasonidos /
260 _aMadrid :
_bAlhambra,
_c1969.
300 _a292 paginas ;
_bDiagramas, cuadros, formulas,
_c20 cm.
440 _aColección Exedra ciencia técnica - ingeniería
_n57
_919013
500 _aTitulo original : Fundamentals of ultrasonics
505 _aPrincipios generales de la propagación de ondas de baja amplitud -- Generadores y receptores de ultrasonidos -- Propagación de baja amplitud en gases -- Propagación de baja amplitud en líquidos...
650 _aFísica
_92382
650 _aOndas
_919014
650 _aUltrasonidos
_919015
700 _aLegaz Martínez, Carlos Garcia (Traductor)
_919016
942 _2ddc
_cLIBROS
945 _awnts